000 00494nam a2200097Ia 4500
008 170517s9999 xx 000 0 und d
245 _aAnimal Imitators
300 _aAs we hurtle towards a high-tech future where everything seems possible, a growing number of people are choosing to correct what they're convinced was nature's big mistake. They're asking, "Why be human when you know you're not." They're pushing...
650 _xArt.
856 _uhttp://topdocumentaryfilms.com/animal-imitators/
999 _c333113
_d333113